<?xml version="1.0" encoding="UTF-8"?>
<record
    xmlns:xsi="http://www.w3.org/2001/XMLSchema-instance"
    xsi:schemaLocation="http://www.loc.gov/MARC21/slim http://www.loc.gov/standards/marcxml/schema/MARC21slim.xsd"
    xmlns="http://www.loc.gov/MARC21/slim">

  <leader>01166cam a2200301 i 4500</leader>
  <datafield tag="952" ind1=" " ind2=" ">
    <subfield code="0">0</subfield>
    <subfield code="1">0</subfield>
    <subfield code="2">ddc</subfield>
    <subfield code="4">0</subfield>
    <subfield code="7">1</subfield>
    <subfield code="8">NFIC</subfield>
    <subfield code="a">ASL</subfield>
    <subfield code="b">ASL</subfield>
    <subfield code="c">GEN</subfield>
    <subfield code="d">2016-12-12</subfield>
    <subfield code="e">ASB Publications</subfield>
    <subfield code="h">ASP-029</subfield>
    <subfield code="l">0</subfield>
    <subfield code="o">928 ABD</subfield>
    <subfield code="p">100146</subfield>
    <subfield code="r">2016-12-12 00:00:00</subfield>
    <subfield code="t">C-1</subfield>
    <subfield code="w">2016-12-12</subfield>
    <subfield code="y">BK</subfield>
    <subfield code="z">RARE</subfield>
  </datafield>
  <datafield tag="952" ind1=" " ind2=" ">
    <subfield code="0">0</subfield>
    <subfield code="1">0</subfield>
    <subfield code="2">ddc</subfield>
    <subfield code="4">0</subfield>
    <subfield code="7">1</subfield>
    <subfield code="8">NFIC</subfield>
    <subfield code="a">ASL</subfield>
    <subfield code="b">ASL</subfield>
    <subfield code="c">GEN</subfield>
    <subfield code="d">2016-12-12</subfield>
    <subfield code="e">ASB Publications</subfield>
    <subfield code="h">ASP-029</subfield>
    <subfield code="l">0</subfield>
    <subfield code="o">928 ABD</subfield>
    <subfield code="p">100147</subfield>
    <subfield code="r">2016-12-12 00:00:00</subfield>
    <subfield code="t">C-2</subfield>
    <subfield code="w">2016-12-12</subfield>
    <subfield code="y">BK</subfield>
    <subfield code="z">RARE</subfield>
  </datafield>
  <datafield tag="952" ind1=" " ind2=" ">
    <subfield code="0">0</subfield>
    <subfield code="1">0</subfield>
    <subfield code="2">ddc</subfield>
    <subfield code="4">0</subfield>
    <subfield code="7">1</subfield>
    <subfield code="8">NFIC</subfield>
    <subfield code="a">ASL</subfield>
    <subfield code="b">ASL</subfield>
    <subfield code="c">GEN</subfield>
    <subfield code="d">2016-12-12</subfield>
    <subfield code="e">ASB Publications</subfield>
    <subfield code="h">ASP-029</subfield>
    <subfield code="l">0</subfield>
    <subfield code="o">928 ABD</subfield>
    <subfield code="p">100148</subfield>
    <subfield code="r">2016-12-12 00:00:00</subfield>
    <subfield code="t">C-3</subfield>
    <subfield code="w">2016-12-12</subfield>
    <subfield code="y">BK</subfield>
    <subfield code="z">RARE</subfield>
  </datafield>
  <datafield tag="952" ind1=" " ind2=" ">
    <subfield code="0">0</subfield>
    <subfield code="1">0</subfield>
    <subfield code="2">ddc</subfield>
    <subfield code="4">0</subfield>
    <subfield code="7">1</subfield>
    <subfield code="8">NFIC</subfield>
    <subfield code="a">ASL</subfield>
    <subfield code="b">ASL</subfield>
    <subfield code="c">GEN</subfield>
    <subfield code="d">2016-12-12</subfield>
    <subfield code="e">ASB Publications</subfield>
    <subfield code="h">ASP-029</subfield>
    <subfield code="l">0</subfield>
    <subfield code="o">928 ABD</subfield>
    <subfield code="p">100149</subfield>
    <subfield code="r">2016-12-12 00:00:00</subfield>
    <subfield code="t">C-4</subfield>
    <subfield code="w">2016-12-12</subfield>
    <subfield code="y">BK</subfield>
    <subfield code="z">RARE</subfield>
  </datafield>
  <datafield tag="952" ind1=" " ind2=" ">
    <subfield code="0">0</subfield>
    <subfield code="1">0</subfield>
    <subfield code="2">ddc</subfield>
    <subfield code="4">0</subfield>
    <subfield code="7">1</subfield>
    <subfield code="8">NFIC</subfield>
    <subfield code="a">ASL</subfield>
    <subfield code="b">ASL</subfield>
    <subfield code="c">GEN</subfield>
    <subfield code="d">2016-12-12</subfield>
    <subfield code="e">ASB Publications</subfield>
    <subfield code="h">ASP-029</subfield>
    <subfield code="l">0</subfield>
    <subfield code="o">928 ABD</subfield>
    <subfield code="p">100150</subfield>
    <subfield code="r">2016-12-12 00:00:00</subfield>
    <subfield code="t">C-5</subfield>
    <subfield code="w">2016-12-12</subfield>
    <subfield code="y">BK</subfield>
    <subfield code="z">RARE</subfield>
  </datafield>
  <datafield tag="952" ind1=" " ind2=" ">
    <subfield code="0">0</subfield>
    <subfield code="1">0</subfield>
    <subfield code="2">ddc</subfield>
    <subfield code="4">0</subfield>
    <subfield code="7">1</subfield>
    <subfield code="8">NFIC</subfield>
    <subfield code="a">ASL</subfield>
    <subfield code="b">ASL</subfield>
    <subfield code="c">GEN</subfield>
    <subfield code="d">2021-02-14</subfield>
    <subfield code="e">ASB Publications</subfield>
    <subfield code="h">ASP-029</subfield>
    <subfield code="l">0</subfield>
    <subfield code="o">928 ABD</subfield>
    <subfield code="p">105713</subfield>
    <subfield code="r">2021-02-14 00:00:00</subfield>
    <subfield code="t">C-6</subfield>
    <subfield code="w">2021-02-14</subfield>
    <subfield code="y">BK</subfield>
    <subfield code="z">RARE</subfield>
  </datafield>
  <datafield tag="952" ind1=" " ind2=" ">
    <subfield code="0">0</subfield>
    <subfield code="1">0</subfield>
    <subfield code="2">ddc</subfield>
    <subfield code="4">0</subfield>
    <subfield code="7">1</subfield>
    <subfield code="8">NFIC</subfield>
    <subfield code="a">ASL</subfield>
    <subfield code="b">ASL</subfield>
    <subfield code="c">GEN</subfield>
    <subfield code="d">2021-02-14</subfield>
    <subfield code="e">ASB Publications</subfield>
    <subfield code="h">ASP-029</subfield>
    <subfield code="l">0</subfield>
    <subfield code="o">928 ABD</subfield>
    <subfield code="p">105714</subfield>
    <subfield code="r">2021-02-14 00:00:00</subfield>
    <subfield code="t">C-7</subfield>
    <subfield code="w">2021-02-14</subfield>
    <subfield code="y">BK</subfield>
    <subfield code="z">RARE</subfield>
  </datafield>
  <datafield tag="952" ind1=" " ind2=" ">
    <subfield code="0">0</subfield>
    <subfield code="1">0</subfield>
    <subfield code="2">ddc</subfield>
    <subfield code="4">0</subfield>
    <subfield code="7">0</subfield>
    <subfield code="8">NFIC</subfield>
    <subfield code="a">ASL</subfield>
    <subfield code="b">ASL</subfield>
    <subfield code="c">GEN</subfield>
    <subfield code="d">2021-03-08</subfield>
    <subfield code="e">ASB Library Collections</subfield>
    <subfield code="h">ASP-029</subfield>
    <subfield code="l">0</subfield>
    <subfield code="o">928 ABD</subfield>
    <subfield code="p">107252</subfield>
    <subfield code="r">2021-03-08 00:00:00</subfield>
    <subfield code="t">C-8</subfield>
    <subfield code="w">2021-03-08</subfield>
    <subfield code="y">BK</subfield>
    <subfield code="z">RARE</subfield>
  </datafield>
  <datafield tag="952" ind1=" " ind2=" ">
    <subfield code="0">0</subfield>
    <subfield code="1">0</subfield>
    <subfield code="2">ddc</subfield>
    <subfield code="4">0</subfield>
    <subfield code="7">0</subfield>
    <subfield code="8">NFIC</subfield>
    <subfield code="a">ASL</subfield>
    <subfield code="b">ASL</subfield>
    <subfield code="c">GEN</subfield>
    <subfield code="d">2021-03-08</subfield>
    <subfield code="e">ASB Library Collections</subfield>
    <subfield code="h">ASP-029</subfield>
    <subfield code="l">0</subfield>
    <subfield code="o">928 ABD</subfield>
    <subfield code="p">107253</subfield>
    <subfield code="r">2021-03-08 00:00:00</subfield>
    <subfield code="t">C-9</subfield>
    <subfield code="w">2021-03-08</subfield>
    <subfield code="y">BK</subfield>
    <subfield code="z">RARE</subfield>
  </datafield>
  <datafield tag="952" ind1=" " ind2=" ">
    <subfield code="0">0</subfield>
    <subfield code="1">0</subfield>
    <subfield code="2">ddc</subfield>
    <subfield code="4">0</subfield>
    <subfield code="7">0</subfield>
    <subfield code="8">NFIC</subfield>
    <subfield code="a">ASL</subfield>
    <subfield code="b">ASL</subfield>
    <subfield code="c">GEN</subfield>
    <subfield code="d">2024-05-16</subfield>
    <subfield code="e">ASB Publication</subfield>
    <subfield code="h">ASP-029</subfield>
    <subfield code="l">0</subfield>
    <subfield code="o">928 ABD</subfield>
    <subfield code="p">125447</subfield>
    <subfield code="r">2024-05-16 00:00:00</subfield>
    <subfield code="t">C-10</subfield>
    <subfield code="w">2024-05-16</subfield>
    <subfield code="y">BK</subfield>
    <subfield code="z">RARE</subfield>
  </datafield>
  <datafield tag="999" ind1=" " ind2=" ">
    <subfield code="c">17522</subfield>
    <subfield code="d">17522</subfield>
  </datafield>
  <controlfield tag="001">3140290</controlfield>
  <controlfield tag="003">BDDh-ASL</controlfield>
  <controlfield tag="005">20231015025546.0</controlfield>
  <controlfield tag="008">161212s1972    pk ad         000 0 eng |</controlfield>
  <datafield tag="010" ind1=" " ind2=" ">
    <subfield code="a">   72907276 </subfield>
  </datafield>
  <datafield tag="040" ind1=" " ind2=" ">
    <subfield code="a">DLC</subfield>
    <subfield code="c">BDDh-ASL</subfield>
    <subfield code="d">BDDh-ASL</subfield>
  </datafield>
  <datafield tag="041" ind1="0" ind2=" ">
    <subfield code="a">engben</subfield>
  </datafield>
  <datafield tag="043" ind1=" " ind2=" ">
    <subfield code="a">a------</subfield>
  </datafield>
  <datafield tag="050" ind1="0" ind2="0">
    <subfield code="a">DS339</subfield>
    <subfield code="b">.A2</subfield>
  </datafield>
  <datafield tag="082" ind1="0" ind2="0">
    <subfield code="a">928</subfield>
    <subfield code="b">ABD</subfield>
  </datafield>
  <datafield tag="245" ind1="0" ind2="0">
    <subfield code="a">Abdul Karim Sahitya-Visarad commemoration volume :</subfield>
    <subfield code="b">essays on archaeology, art, history, literature, and philosophy of the Orient, dedicated to the memory of Abdul Karim Sahitya-Visarad (1869-1953) /</subfield>
    <subfield code="c">edited by Muhammad Enamul Haq.</subfield>
  </datafield>
  <datafield tag="260" ind1=" " ind2=" ">
    <subfield code="a">Dacca:</subfield>
    <subfield code="b">Asiatic Society of Bangladesh,</subfield>
    <subfield code="c">1972.</subfield>
  </datafield>
  <datafield tag="300" ind1=" " ind2=" ">
    <subfield code="a">452 p. in various pagings, [6] leaves of plates :</subfield>
    <subfield code="b">ill. ;</subfield>
    <subfield code="c">25 cm.</subfield>
  </datafield>
  <datafield tag="440" ind1=" " ind2="0">
    <subfield code="a">Asiatic Society of Bangladesh publication;</subfield>
    <subfield code="v">no. 29</subfield>
    <subfield code="9">119</subfield>
  </datafield>
  <datafield tag="500" ind1=" " ind2=" ">
    <subfield code="a">English or Bengali.</subfield>
  </datafield>
  <datafield tag="500" ind1=" " ind2=" ">
    <subfield code="a">Tk30.00</subfield>
  </datafield>
  <datafield tag="504" ind1=" " ind2=" ">
    <subfield code="a">Includes bibliographical references.</subfield>
  </datafield>
  <datafield tag="600" ind1="1" ind2="0">
    <subfield code="a">Karima, &#x100;badula,</subfield>
    <subfield code="d">1871-1953.</subfield>
    <subfield code="9">53</subfield>
  </datafield>
  <datafield tag="651" ind1=" " ind2="0">
    <subfield code="a">South Asia</subfield>
    <subfield code="x">Civilization.</subfield>
    <subfield code="z">Bangladesh</subfield>
    <subfield code="9">120</subfield>
  </datafield>
  <datafield tag="700" ind1="1" ind2=" ">
    <subfield code="a">Haq, Muhammad Enamul</subfield>
    <subfield code="d">1906-1982.</subfield>
    <subfield code="9">91</subfield>
  </datafield>
  <datafield tag="906" ind1=" " ind2=" ">
    <subfield code="a">7</subfield>
    <subfield code="b">cbc</subfield>
    <subfield code="c">orignew</subfield>
    <subfield code="d">4</subfield>
    <subfield code="e">ncip</subfield>
    <subfield code="f">19</subfield>
    <subfield code="g">y-gencatlg</subfield>
  </datafield>
  <datafield tag="942" ind1=" " ind2=" ">
    <subfield code="2">ddc</subfield>
    <subfield code="c">BK</subfield>
  </datafield>
</record>
